[Event "ch-Pol u20"]
[Site "Brzeg Dolny POL"]
[Date "2001.02.12"]
[Round "6"]
[White "Szelag,M"]
[Black "Zawadzki,S"]
[Result "1-0"]
[WhiteElo "2403"]
[BlackElo "2335"]

1.e4 d6 2.d4 Nf6 3.Nc3 e5 4.Nf3 Nbd7 5.Bc4 Be7 6.O-O O-O 7.a4 c6 8.a5 Nxe4
9.Nxe4 d5 10.Qe2 dxe4 11.Qxe4 exd4 12.Qxd4 Bf6 13.Qf4 Nc5 14.Re1 Ne6 15.Qg3 Nd4
16.Rd1 Nxf3+ 17.Qxf3 Qe7 18.Bf4 Qc5 19.Qb3 Qh5 20.Re1 Bf5 21.c3 Qg4 22.Ra4 Bg6
23.Qxb7 Rae8 24.Be3 Be4 25.Bf1 Qh5 26.Qb3 Be5 27.h3 Bb8 28.Raa1 Re6 29.Qb4 Rfe8
30.Rad1 Bc7 31.Rd7 Bxa5 32.Qb7 c5 33.Qxa7 Bb6 34.Qa1 Bc6 35.Qd1 Qg6 36.Rd2 Bc7
37.Qg4 Qf6 38.Bg5 Rxe1 39.Bxf6 g6 40.c4 Ba5 41.Bc3 Bc7 42.Qg5 Rb1 43.Qf6  1-0

[Event "Chess Circuit IM"]
[Site "Helsinki FIN"]
[Date "2001.02.13"]
[Round "2"]
[White "Van Hoolandt,P"]
[Black "Bergstrom,R"]
[Result "0-1"]
[WhiteElo "2211"]
[BlackElo "2308"]

1.e4 d6 2.d4 Nf6 3.Nc3 Nbd7 4.f4 e5 5.Nf3 exd4 6.Qxd4 c6 7.Be3 d5 8.exd5 cxd5
9.O-O-O Bc5 10.Qd3 O-O 11.Nxd5 Nxd5 12.Bxc5 Nxc5 13.Qxd5 Qa5 14.Ng5 Bg4 15.Bd3 Bxd1
16.Bxh7+ Kh8 17.Rxd1 Qc7 18.Qf5 Ne6 19.Rf1 Nxg5 20.fxg5 Qxh2 21.Rf3 Qh1+
22.Kd2 Qxg2+ 23.Kc3 Rac8+ 24.Kb3 Rxc2 25.Qxc2 Qxf3+ 26.Bd3 Qd5+ 27.Ka3 Qxg5
28.Qc7 Rd8 29.Bc2 Qd2 30.Qc4 Kg8 31.b3 Qd6+ 32.b4 a5  0-1

[Event "ch-ROM Women"]
[Site "Baile Tusnad ROM"]
[Date "2001.02.15"]
[Round "8"]
[White "Voicu,C"]
[Black "Duminica,M"]
[Result "1-0"]
[WhiteElo "2162"]
[BlackElo "2073"]

1.e4 d6 2.d4 Nf6 3.Nc3 c6 4.f4 Qa5 5.Bd3 Bg4 6.Nf3 e5 7.dxe5 dxe5 8.h3 Bxf3
9.Qxf3 Nbd7 10.Bd2 Qb6 11.O-O-O Bd6 12.g4 O-O-O 13.g5 Ne8 14.f5 f6 15.h4 Bb4
16.Bc4 Nc5 17.Nb1 Bxd2+ 18.Nxd2 Nd6 19.Be6+ Kb8 20.Rhg1 Qb4 21.a3 Qa4 22.Qe3 Qb5
23.Ba2 Na4 24.b4 Nb6 25.Qb3 Qe2 26.Rge1 Qg4 27.c4 Nd7 28.Qd3 Nb6 29.Qe3 Na8
30.Rh1 Rhe8 31.a4 Qf4 32.Qxf4 exf4 33.Rhe1 Nc7 34.c5 Nc8 35.Kc2 a5 36.bxa5 Na6
37.Nf3 Nxc5 38.e5 fxe5 39.Rxe5 Rxe5 40.Rxd8 Rxf5 41.Rg8 h6 42.g6 h5 43.Rxg7 Nd6
44.Rg8+ Kc7 45.g7 Nd7 46.Rc8+ Nxc8 47.g8=Q Rxa5 48.Be6 Rxa4 49.Qg7 Nb6 50.Ne5 Kd6
51.Nxd7 f3 52.Qe5+  1-0

[Event "ch-ROM Women"]
[Site "Baile Tusnad ROM"]
[Date "2001.02.19"]
[Round "12"]
[White "Peptan,C"]
[Black "Ionescu Brandis,I"]
[Result "1/2-1/2"]
[WhiteElo "2461"]
[BlackElo "2330"]

1.e4 d6 2.d4 Nf6 3.Nc3 e5 4.Nf3 Nbd7 5.Bc4 Be7 6.O-O O-O 7.a4 c6 8.Re1 a5
9.Bf1 Re8 10.b3 h6 11.Bb2 Nh7 12.Nb1 Ng5 13.Nbd2 Bf6 14.Nxg5 hxg5 15.Nc4 Nb6
16.dxe5 Nxc4 17.Bxc4 Bxe5 18.Bxe5 dxe5 19.Qh5 Qf6 20.Re3 g4 21.Rd1 g6 22.Qh6 Be6
23.Bxe6 Rxe6 24.Red3 Rae8 25.g3 Qe7 26.Rd7 Qb4 27.Qe3 Kg7 28.Qe2 Rf6 29.Qxg4 Ree6
30.Qh4 Rd6 31.R1xd6 Rxd6 32.Rxd6 Qxd6 33.Kg2 b5 34.Qg5 bxa4 35.bxa4 Qd4 36.f3 f6
37.Qg4 Qd2+ 38.Kh3 Qh6+ 39.Kg2 Qd2+ 40.Kh3 Qh6+ 41.Kg2  1/2-1/2

[Event "ENG-GER match women"]
[Site "Battle Abbey ENG"]
[Date "2001.02.19"]
[Round "3"]
[White "Heymann,U"]
[Black "Lauterbach,I"]
[Result "1/2-1/2"]
[WhiteElo "2216"]
[BlackElo "2179"]

1.e4 d6 2.d4 Nf6 3.Nc3 e5 4.dxe5 dxe5 5.Qxd8+ Kxd8 6.Nf3 Bd6 7.Bc4 Be6 8.Bxe6 fxe6
9.Be3 Nbd7 10.a3 a6 11.Ke2 Ke7 12.h4 Nh5 13.g3 Rhf8 14.Rad1 h6 15.Rhg1 b5
16.Na2 Nhf6 17.Nd2 Ng4 18.Nf1 Rf7 19.f3 Nxe3 20.Nxe3 Raf8 21.Rgf1 Nb8 22.c3 a5
23.Nc1 Nc6 24.Nd3 Rb8 25.h5 b4 26.axb4 axb4 27.Nc4 bxc3 28.bxc3 Rff8 29.Rb1 Rxb1
30.Rxb1 Ra8 31.f4 Ra2+ 32.Kf3 Ra4 33.Ncxe5 Bxe5 34.fxe5 Ra3 35.Rc1 Ra2 36.Nb4 Nxe5+
37.Kf4 Ra5 38.Rd1 Rc5 39.g4 g5+ 40.hxg6 Nxg6+ 41.Ke3 Rxc3+ 42.Kd4 Rg3 43.Nc6+ Kf6
44.Rh1 e5+ 45.Kd5 Rd3+ 46.Kc4 Rd6 47.Kc5 Kg7 48.Ra1 Rd7 49.Rh1 Rd2 50.Kc4 Rg2
51.Kd5 Rxg4 52.Nd8 h5 53.Ne6+ Kf6 54.Nxc7 Nf4+ 55.Kd6 Rg5 56.Nd5+ Kg6 57.Ne7+ Kf7
58.Nf5 Nd3 59.Rf1 Rg6+ 60.Kd5 Ra6 61.Nd6+ Kg6 62.Rf3 Ra5+ 63.Kc4 Nf4 64.Kb4 Ra1
65.Nc4 Kf6 66.Ne3 Rg1 67.Kc5 Ke6 68.Nf5 Rc1+ 69.Kb4 Re1 70.Ng7+ Kd7 71.Ra3 Rxe4+
72.Kc5 Ne6+ 73.Kd5 Rd4+ 74.Kxe5 Nc7  1/2-1/2

[Event "Czech Extra League 2000-1"]
[Site "CZE"]
[Date "2001.02.25"]
[Round "7"]
[White "Oral,T"]
[Black "Neumann,P"]
[Result "1-0"]
[WhiteElo "2555"]
[BlackElo "2362"]

1.e4 d6 2.d4 Nf6 3.Nc3 e5 4.Nf3 Nbd7 5.Bc4 Be7 6.O-O O-O 7.a4 c6 8.Qe2 exd4
9.Nxd4 Re8 10.Ba2 Bf8 11.Qf3 Ne5 12.Qd1 a5 13.Re1 Qb6 14.Bg5 Qxb2 15.Qd2 Qb4
16.Bxf6 gxf6 17.Re3 Kh8 18.Rg3 Qc5 19.Rd1 Bd7 20.Nce2 Be7 21.Rc3 Qa7 22.Ng3 Bg4
23.f3 Be6 24.Bxe6 fxe6 25.Kh1 d5 26.Nh5 Rg8 27.Nxe6 Bb4 28.Qf4 Rg6 29.Re3 Bd6
30.Re2 Nc4 31.Qh4 b5 32.exd5 Ne3 33.Rde1 Nxd5 34.Nef4 Bxf4 35.Nxf4 Rg7 36.Nxd5 cxd5
37.Qxf6 Qf7 38.Qxf7 Rxf7 39.axb5 Rb7 40.Re5 Rxb5 41.c4 Rc5 42.cxd5 a4 43.h3 Rca5
44.d6  1-0

[Event "Open"]
[Site "Cappelle la Grande FRA"]
[Date "2001.02.26"]
[Round "4"]
[White "Dgebuadze,A"]
[Black "Belkhodja,S"]
[Result "0-1"]
[WhiteElo "2550"]
[BlackElo "2471"]

1.e4 d6 2.d4 Nf6 3.Nc3 Nbd7 4.g4 h6 5.h3 e5 6.Nge2 c6 7.Be3 b5 8.a3 Bb7 9.Ng3 a5
10.d5 b4 11.dxc6 Bxc6 12.Nd5 Qb8 13.a4 Qb7 14.Bc4 g6 15.Qd3 Bxd5 16.Bxd5 Nxd5
17.exd5 Nf6 18.Rd1 Bg7 19.Qd2 Qd7 20.b3 h5 21.g5 Ng8 22.Ne4 Ne7 23.Qd3 Nf5
24.Kd2 O-O 25.Kc1 Rfc8 26.Kb1 Rab8 27.Qe2 Qe7 28.Rd3 Rb7 29.Rc1 Qd7 30.Qf1 Kh8
31.Qe2 Bf8 32.Nf6 Qd8 33.Rg1 Bg7 34.Ne4 Re7 35.Rc1 Qd7 36.Qf1 Nd4 37.Bxd4 exd4
38.Qg2 Re5 39.f4 Ree8 40.Rcd1 Qe7 41.Nd2 Kg8 42.Qf3 Rc3 43.Rxc3 bxc3 44.Nc4 Qc7
45.f5 Rb8 46.Ka2 Rb4 47.Na3 Be5 48.fxg6 fxg6 49.Nb5 Qe7 50.h4 Bg7 51.Qd3 Kh7
52.Rf1 Qe5 53.Nc7 Rb7 54.Ne6 Qxd5 55.Nf4 Qf5 56.Qxf5 gxf5 57.Nxh5 d3 58.cxd3 Be5
59.Nf4 Rb4 60.Ng2 Kg6 61.Ne1 Rxh4 62.Nf3 Rb4 63.Rc1 Bg7 64.d4 Bxd4 65.Nxd4 Rxd4
66.Rxc3 Kxg5 67.Rc8 f4 68.Rg8+ Kf5 69.Kb2 f3 70.Rf8+ Kg4 71.Rg8+ Kh3 72.Rh8+ Kg3
73.Kc3 f2 74.Kxd4 f1=Q 75.Rg8+ Kh4 76.Rh8+ Kg5 77.Rb8 Qa6 78.Kd5 Kf6 79.Rf8+ Ke7
80.Rb8 Kd7 81.Kd4  0-1

[Event "IV Open"]
[Site "Malaga ESP"]
[Date "2001.02.26"]
[Round "4"]
[White "Milla de Marco,C"]
[Black "Willmoth,R"]
[Result "1-0"]
[WhiteElo "2067"]
[BlackElo "2236"]

1.e4 d6 2.d4 Nf6 3.Nc3 c6 4.a4 a5 5.Bc4 Na6 6.h3 e6 7.Nf3 Be7 8.Bb3 Qc7 9.Bf4 h6
10.Qe2 Nd7 11.e5 d5 12.O-O b6 13.Ne1 Qd8 14.Qg4 g6 15.Ne2 Nc7 16.c3 Ba6 17.Bc2 h5
18.Qf3 Rc8 19.Nd3 Nf8 20.Bd2 c5 21.Rfe1 Rh7 22.b3 Qd7 23.b4 axb4 24.cxb4 cxb4
25.Nxb4 Bc4 26.Rac1 Rh8 27.Bd3 b5 28.axb5 Qxb5 29.Rb1 Rd8 30.Nc2 Qa6 31.Bxc4 Qc6
32.Bb3 Qa6  1-0

[Event "Open"]
[Site "Cappelle la Grande FRA"]
[Date "2001.02.28"]
[Round "6"]
[White "Szoen,D"]
[Black "Lelchuk,Z"]
[Result "1-0"]
[WhiteElo "2152"]
[BlackElo "2411"]

1.e4 d6 2.d4 Nf6 3.Nc3 c6 4.f4 Qa5 5.Bd3 Bg4 6.Nf3 Nbd7 7.e5 Nd5 8.Bd2 Nxc3
9.bxc3 e6 10.h3 Bxf3 11.Qxf3 Qb6 12.O-O g6 13.Rab1 Qc7 14.Kh1 Be7 15.c4 O-O-O
16.Qe2 Nb8 17.Bc3 Rhe8 18.Rb3 Rd7 19.Rfb1 f6 20.Qe1 dxe5 21.dxe5 f5 22.a4 Na6
23.Ba5 Qb8 24.Be2 Nc5 25.R3b2 b6 26.Bf3 Kc7 27.Bxb6+ axb6 28.a5 Ne4 29.Bxe4 fxe4
30.Rxb6 Qa8 31.a6 Red8 32.Rb7+ Kc8 33.Qa5 Rxb7 34.axb7+ Qxb7 35.Rxb7 Rd1+
36.Kh2 Kxb7 37.c5 Rb1 38.Qa2 Rb5 39.Qxe6 Bxc5 40.Qd7+ Kb6 41.e6  1-0

[Event "Open"]
[Site "Cappelle la Grande FRA"]
[Date "2001.03.02"]
[Round "8"]
[White "Galdunts,S"]
[Black "Cieza,A"]
[Result "1-0"]
[WhiteElo "2510"]
[BlackElo "2326"]

1.e4 d6 2.d4 Nf6 3.Nc3 c6 4.Nf3 Qa5 5.Bd3 e5 6.h3 Nbd7 7.O-O b5 8.Re1 b4
9.Ne2 Be7 10.Ng3 g6 11.Bh6 Ba6 12.Qd2 Bxd3 13.cxd3 Qb6 14.dxe5 Nxe5 15.Qd1 c5
16.d4 cxd4 17.Nxd4 Bf8 18.Bxf8 Kxf8 19.Qd2 h6 20.Rac1 Qa6 21.Rc7 Ne8 22.Rc2 Rc8
23.Rxc8 Qxc8 24.f4 Qc5 25.Rc1 Qb6 26.Kh2 Nd7 27.Nc6 a5 28.e5 Kg7 29.Ne4 d5
30.Ng3 Nc7 31.Ne7 Qb7 32.f5 Nxe5 33.Qd4 f6 34.fxg6 Ne6 35.Nef5+ Kf8 36.Qa7  1-0

[Event "IV Open"]
[Site "Malaga ESP"]
[Date "2001.03.02"]
[Round "8"]
[White "Flores,Di"]
[Black "Cifuentes Parada,R"]
[Result "0-1"]
[WhiteElo "2359"]
[BlackElo "2496"]

1.e4 d6 2.d4 Nf6 3.Nc3 e5 4.Nf3 Nbd7 5.Bc4 Be7 6.O-O O-O 7.Re1 c6 8.a4 b6
9.b3 a6 10.Bd3 Bb7 11.Ne2 d5 12.Ng3 dxe4 13.Bxe4 Nxe4 14.Nxe4 exd4 15.Nxd4 Nf6
16.Nc3 Bb4 17.Bb2 Qd7 18.Nf3 Rad8 19.Qxd7 Rxd7 20.Rad1 Rfd8 21.Ne5 Rxd1 22.Rxd1 Re8
23.Na2 Be7 24.h3 b5 25.Nc1 c5 26.Ncd3 Ne4 27.axb5 axb5 28.Ra1 Ra8 29.Rxa8+ Bxa8
30.f3 Ng5 31.Bc1 Ne6 32.Be3 f6 33.Nd7 c4 34.bxc4 bxc4 35.Nb2 Bc6 36.Nb6 c3
37.Nd1 Bb4 38.Nf2 Nc5 39.Bd4 Kf7 40.Nd1 Ne6 41.Bf2 Nc7 42.Nc4 Ke6 43.Nce3 f5
44.Be1 Nb5 45.Nf2 Bc5 46.Ned1 Bd4 47.Kf1 Bd5 48.Ke2 Bc4+ 49.Nd3 f4 50.Nf2 Nc7
51.Kd1 Nd5 52.Kc1 h6 53.Ne4 Bb5 54.Bf2 Bxf2 55.Nexf2 Bxd3 56.Nxd3 g5 57.Kb1 Ne3
58.Ne1 Kd5 59.Ka2 Kc4 60.Ka3 Nd5 61.Nd3 Kd4 62.Kb3 Ne3 63.Ne1 Nd1 64.Nd3 Ke3
65.Ne5 Kf2 66.Nf7 Kxg2 67.Nxh6 Kxf3 68.Nf7 Kg3 69.Nxg5 f3 70.Ne4+ Kxh3 71.Kc4 Kg2
72.Kd3  0-1

[Event "Linklater Mem"]
[Site "San Francisco USA"]
[Date "2001.03.02"]
[Round "5"]
[White "Stearns,A"]
[Black "Altounian,L"]
[Result "0-1"]
[WhiteElo "2246"]
[BlackElo "2441"]

1.e4 d6 2.d4 Nf6 3.Nc3 c6 4.f4 Qa5 5.e5 Ne4 6.Qf3 f5 7.Bd3 d5 8.Ne2 e6 9.O-O c5
10.dxc5 Bxc5+ 11.Be3 Nd2 12.Bb5+ Nc6 13.Bxc5 Nxf3+ 14.Rxf3 Bd7 15.a3 Nxe5
16.fxe5 Bxb5 17.b4 Qa6 18.Nd4 Bd7 19.Nce2 Rc8  0-1

[Event "Tch-NED"]
[Site "NED"]
[Date "2001.03.03"]
[Round "5"]
[White "De Wit,M"]
[Black "Rebers,E"]
[Result "0-1"]
[WhiteElo "2306"]
[BlackElo "2312"]

1.e4 d6 2.d4 Nf6 3.Nc3 e5 4.Nf3 Nbd7 5.Bg5 Be7 6.h3 O-O 7.Be2 c6 8.O-O b5
9.a3 a6 10.Qd2 Qc7 11.Qe3 Re8 12.Bh4 Bf8 13.Bg3 Bb7 14.Nd2 exd4 15.Qxd4 c5
16.Qd3 Ne5 17.Qe3 Rad8 18.Rfd1 Nc6 19.Qxc5 dxc5 20.Bxc7 Rd7 21.Bb6 Nd4 22.Rac1 Re6
23.e5 Rxb6 24.exf6 Nxe2+  0-1

[Event "Tch-NED"]
[Site "NED"]
[Date "2001.03.04"]
[Round "6"]
[White "Middelburg,T"]
[Black "Ellenbroek,T"]
[Result "1-0"]
[WhiteElo "2359"]
[BlackElo "2077"]

1.e4 d6 2.d4 Nf6 3.Nc3 e5 4.Nf3 Nbd7 5.a4 Be7 6.g3 O-O 7.Bg2 exd4 8.Nxd4 a5
9.Nf5 Nc5 10.Nxe7+ Qxe7 11.O-O Bg4 12.f3 Be6 13.Be3 Rad8 14.g4 c6 15.Qd4 b6
16.Bg5 h6 17.Bh4 g5 18.Bg3 d5 19.e5 Nfd7 20.h3 f6 21.exf6 Qxf6 22.Qxf6 Rxf6
23.f4 gxf4 24.Bh4 Rdf8 25.Bxf6 Rxf6 26.Ne2 h5 27.g5 Rf5 28.h4 Re5 29.Nd4 f3
30.Bxf3 Bg4 31.Bxg4 hxg4 32.Nxc6 Re3 33.Rae1 Rg3+ 34.Kh2 Ne4 35.Ne7+ Kh8
36.Nf5 Rh3+ 37.Kg2 Ne5 38.Re3 Nd2 39.Rxe5  1-0

[Event "Linklater Mem"]
[Site "San Francisco USA"]
[Date "2001.03.06"]
[Round "9"]
[White "Shahade,G"]
[Black "Lakdawala,C"]
[Result "1-0"]
[WhiteElo "2456"]
[BlackElo "2436"]

1.e4 d6 2.d4 Nf6 3.Nc3 e5 4.Nf3 Nbd7 5.Bc4 Be7 6.O-O O-O 7.Re1 c6 8.a4 b6
9.d5 cxd5 10.Nxd5 Nxd5 11.Bxd5 Rb8 12.Qd3 Nf6 13.Bb3 h6 14.Nd2 Bb7 15.Nf1 Re8
16.Ng3 Bf8 17.Nf5 d5 18.Qg3 Kh7 19.exd5 Nxd5 20.Ne3 Nxe3 21.Bxe3 Qc7 22.h4 Rbd8
23.Rad1 f5 24.h5 f4 25.Qg6+ Kh8 26.Bxf4 exf4 27.Qxe8 Rxe8 28.Rxe8 Qc5 29.Rdd8  1-0

[Event "FSIMB March"]
[Site "Budapest HUN"]
[Date "2001.03.08"]
[Round "5"]
[White "Berczes,C"]
[Black "Nezar,M"]
[Result "1-0"]
[WhiteElo "2209"]
[BlackElo "2292"]

1.e4 d6 2.d4 Nf6 3.Nc3 c6 4.Nf3 Qa5 5.Bd3 e5 6.h3 Nbd7 7.O-O b5 8.Ne2 a6
9.Ng3 g6 10.a4 Rb8 11.b3 Bg7 12.Bb2 Qc7 13.Qd2 O-O 14.axb5 cxb5 15.Qa5 Qxa5
16.Rxa5 exd4 17.Nxd4 Re8 18.f3 Nc5 19.Rd1 Bb7 20.Bf1 d5 21.e5 Nfd7 22.f4 Bh6
23.Nge2 Rbc8 24.g4 Nb6 25.g5 Bf8 26.Raa1 Ne4 27.Bg2 Bb4 28.Rd3 Nc5 29.Rdd1 Ne4
30.Rd3 Nd7 31.c3 Bf8 32.Rdd1 Nb6 33.h4 b4 34.cxb4 Bxb4 35.Bh3 Rc5 36.Rac1 Bc8
37.Rxc5 Bxc5 38.Bxc8 Rxc8 39.Kg2 Bb4 40.Ra1 a5 41.h5 gxh5 42.Rh1 a4 43.bxa4 Nxa4
44.Ba1 Rc4 45.Nf5 Rc2 46.Nd4 Ra2 47.Rb1 Bf8 48.Kh3 Ra3+ 49.Kg2 h4 50.Nf5 Ra2
51.Nd4 Nac3 52.Bxc3 Nxc3 53.Re1 Bc5 54.Kf3 Nxe2 55.Nxe2 h3 56.Rh1 d4 57.Rxh3 Ra3+
58.Kg2 d3 59.Ng3 Ra2+ 60.Kf3 Rf2+ 61.Ke4 d2 62.Rh1 Rg2 63.Kf3 Rg1 64.Rxg1 Bxg1
65.Ke2 Bh2 66.Nh5 h6 67.gxh6 Kh7 68.Nf6+ Kh8 69.Nd5 Kh7 70.Kxd2 Kxh6 71.Ke3 Kg6
72.Ke4 f5+ 73.Kf3 Bg1 74.Ne7+ Kf7 75.Nxf5 Ke6 76.Ke4 Bf2 77.Nd4+ Ke7 78.f5 Bh4
79.Kd5 Kf7 80.Nf3 Be7 81.Nd2 Bg5 82.Ne4 Bh4 83.e6+ Ke7 84.Ke5 Ke8 85.f6 Kf8
86.e7+ Kf7 87.Nd6+  1-0

[Event "FSIMB March"]
[Site "Budapest HUN"]
[Date "2001.03.10"]
[Round "7"]
[White "Zimmerman,Y"]
[Black "Berczes,C"]
[Result "1/2-1/2"]
[WhiteElo "2386"]
[BlackElo "2209"]

1.d4 d6 2.e4 Nf6 3.Nc3 e5 4.Nf3 Nbd7 5.Bc4 Be7 6.O-O O-O 7.Re1 c6 8.d5 Nb6
9.Bf1 cxd5 10.exd5 Re8 11.a4 Nbd7 12.a5 Nf8 13.h3 Ng6 14.Be3 Nd7 15.Nd2 f5
16.f3 Bh4 17.Re2 f4 18.Bf2 Bxf2+ 19.Rxf2 Nf6 20.Nc4 a6 21.Ne4 Nxe4 22.fxe4 Rf8
23.Be2 Rf6 24.Nb6 Rb8 25.Bg4 Bxg4 26.Qxg4 Nf8 27.c4 Rg6 28.Qe2 Nd7 29.Nxd7 Qxd7
30.Rf3 Qc7 31.b3 Rf6 32.Qf2 Rff8 33.Qb6 Rfc8 34.Rc1 Qxb6+ 35.axb6 a5 36.c5 Rxc5
37.Rxc5 dxc5 38.Rc3 Rc8 39.d6 Kf7 40.d7 Rd8 41.Rxc5 Ke6 42.Rxa5 Rxd7 43.Rc5 g6
44.Rc8 Rd6 45.Re8+ Kf6 46.Rf8+ Ke7 47.Rh8 Rxb6 48.Rxh7+ Kf6 49.Rd7 Rxb3 50.Rd6+ Kf7
51.h4 Rb4 52.Kf2 Rxe4 53.Rb6 Ra4 54.Rxb7+ Kf6 55.Rb8 Kf5 56.Rf8+ Kg4 57.Rf6 Ra2+
58.Kf1 g5 59.hxg5 Kxg5 60.Rf8 e4 61.Rg8+ Kf5 62.Re8 Ra1+ 63.Kf2 Ra2+ 64.Kf1 e3
65.Re7 Rf2+ 66.Kg1 Ra2 67.Kf1 Ra1+ 68.Ke2 Ra2+  1/2-1/2

[Event "Bundesliga 2000-1"]
[Site "Tegernsee GER"]
[Date "2001.03.10"]
[Round "10"]
[White "Berg,E"]
[Black "Beim,V"]
[Result "0-1"]
[WhiteElo "2481"]
[BlackElo "2534"]

1.e4 d6 2.d4 Nf6 3.Nc3 e5 4.Nf3 Nbd7 5.Bc4 Be7 6.h3 O-O 7.O-O c6 8.a4 Qc7
9.Bb3 b6 10.Bg5 Bb7 11.Nh4 g6 12.dxe5 dxe5 13.Qf3 Kg7 14.Qe3 Ng8 15.Bxe7 Nxe7
16.Bc4 Rad8 17.Ne2 Qd6 18.Nf3 Qc5 19.Qxc5 Nxc5 20.Nc3 f6 21.b4 Na6 22.Rfb1 Nc8
23.b5 cxb5 24.axb5 Nc5 25.Bd5 Bxd5 26.exd5 Rf7 27.g4 h6 28.h4 g5 29.hxg5 hxg5
30.Nd2 Rc7 31.Nf1 Nb7 32.Ne4 Rxd5 33.Ne3 Rdd7 34.Kg2 Kg6 35.Rh1 Nbd6 36.Ng3 Rh7
37.Ngf5 Nxb5 38.Rxh7 Rxh7 39.Rd1 Nd4 40.c3 Ne6 41.Kf3 a5 42.Ke4 Nc5+ 43.Kd5 Rd7+
44.Kc6 Rxd1 45.Nxd1 a4 46.Kc7 a3 47.Nfe3 a2 48.Nc2 Ne7 49.Na1 Na4 50.Kd6 Kf7
51.c4 e4 52.Kd7 f5 53.gxf5 Nxf5 54.Kc6 g4 55.Kb5 e3 56.Nxe3 Nxe3 57.Kxa4 Nd1
58.c5 bxc5 59.f3 g3  0-1

[Event "Belgian Interteams 2000-1"]
[Site "BEL"]
[Date "2001.03.11"]
[Round "10"]
[White "Dutreeuw,M"]
[Black "Van Houtte,T"]
[Result "1/2-1/2"]
[WhiteElo "2413"]
[BlackElo "2229"]

1.e4 d6 2.d4 Nf6 3.Nc3 e5 4.dxe5 dxe5 5.Qxd8+ Kxd8 6.Bg5 Be6 7.O-O-O+ Nd7
8.Nf3 Kc8 9.a3 Bc5 10.Bh4 h6 11.Rd2 Nh5 12.b4 Bb6 13.Na4 g5 14.Bg3 f6 15.Ne1 a5
16.b5 Nc5 17.Nxb6+ cxb6 18.f3 Kc7 19.Nd3 Nxg3 20.hxg3 h5 21.Nb2 h4 22.gxh4 Rxh4
23.Rxh4 gxh4 24.Bc4 Rh8 25.Rf2 h3 26.gxh3 Rxh3 27.Kd2 Bxc4 28.Nxc4 Ne6 29.c3 Nf4  1/2-1/2

[Event "FSIMB March"]
[Site "Budapest HUN"]
[Date "2001.03.14"]
[Round "11"]
[White "Balogh,C"]
[Black "Seres,L"]
[Result "1-0"]
[WhiteElo "2340"]
[BlackElo "2445"]

1.e4 d6 2.d4 Nf6 3.Nc3 e5 4.Nf3 Nbd7 5.Bc4 Be7 6.O-O O-O 7.Re1 c6 8.a4 b6
9.d5 cxd5 10.Nxd5 Bb7 11.b3 Rc8 12.Re2 Nxd5 13.Bxd5 Ba6 14.c4 Nf6 15.Ba3 Qd7
16.h3 Rc7 17.Ne1 Bc8 18.Nc2 g6 19.Ne3 Nh5 20.Rd2 Nf4 21.Ba8 Ba6 22.Bxd6 Bxd6
23.Rxd6 Qe7 24.Bc6 Rfc8 25.Rd7 Rxd7 26.Qxd7 Qxd7 27.Bxd7 Rd8 28.Bg4 Rd3 29.g3 h5
30.gxf4 exf4 31.Nd5 hxg4 32.Nb4 Rxb3 33.Nxa6 gxh3 34.a5 Rc3 35.axb6 axb6
36.Ra4 g5 37.Nc7 g4 38.Nd5 Rc1+ 39.Kh2 g3+ 40.fxg3 f3 41.Ra2 Rxc4 42.Kxh3 Kg7
43.Nxb6 Rxe4 44.Rf2 Re6 45.Nd5  1-0

[Event "FSIMB March"]
[Site "Budapest HUN"]
[Date "2001.03.14"]
[Round "11"]
[White "Resika,N"]
[Black "Berczes,C"]
[Result "1-0"]
[WhiteElo "2288"]
[BlackElo "2209"]

1.e4 d6 2.d4 Nf6 3.Nc3 e5 4.Nf3 Nbd7 5.Bc4 Be7 6.O-O O-O 7.Re1 c6 8.a4 b6
9.h3 Bb7 10.b3 Qc7 11.Bb2 a6 12.Bd3 b5 13.Ne2 Rfe8 14.Ng3 Bf8 15.c3 Nb6 16.c4 bxc4
17.bxc4 exd4 18.Nxd4 Nbd7 19.a5 Nc5 20.Bc2 Nfd7 21.f4 Ne6 22.Nxe6 Rxe6 23.Qd4 d5
24.Kh2 c5 25.Qd2 d4 26.e5 g6 27.Qf2 f6 28.Bc1 fxe5 29.f5 Rf6 30.Bg5 Rf7 31.Kh1 h6
32.Bd2 g5 33.Rab1 Nf6 34.Rb6 Bc6 35.Qe2 Bd6 36.Nh5 Nd7 37.Rxc6 Qxc6 38.Be4 Qc8
39.Bd5 Kf8 40.f6 Nxf6 41.Bxf7 Kxf7 42.Rf1 Be7 43.Nxf6 Bxf6 44.Qxe5 Qe6 45.Rxf6+ Qxf6
46.Qd5+ Qe6 47.Qb7+ Kg6 48.Qxa8 Qxc4 49.Qe4+ Kg7 50.Qe7+ Kg8 51.Qe4 Qf1+
52.Kh2 Qf6 53.Qa8+ Kg7 54.Qa7+ Kg8 55.Qxc5 Kf7 56.Qa7+ Kg8 57.Qb8+ Kf7 58.Qc7+ Kg8
59.Kg1 Kh8 60.Qb6 Qf5 61.Qxh6+ Kg8 62.Qxg5+  1-0

[Event "Open"]
[Site "Kazimierz Dolny POL"]
[Date "2001.03.14"]
[Round "5"]
[White "Pinski,J"]
[Black "Kalinin,O"]
[Result "1/2-1/2"]
[WhiteElo "2395"]
[BlackElo "2386"]

1.e4 d6 2.d4 Nf6 3.Nc3 e5 4.Nf3 Nbd7 5.g3 g6 6.Bg2 Bg7 7.O-O O-O 8.h3 c6
9.a4 a5 10.b3 Re8 11.Ba3 exd4 12.Nxd4 Nc5 13.Re1 Qb6 14.Qf3 Bd7 15.Rad1 Re5
16.Bc1 g5 17.Nf5 Bxf5 18.exf5 Rxe1+ 19.Rxe1 h6 20.Kh2  1/2-1/2

[Event "17th Spring Festival"]
[Site "Budapest HUN"]
[Date "2001.03.16"]
[Round "1"]
[White "Antok,D"]
[Black "Bognar,C"]
[Result "1-0"]
[WhiteElo "2110"]
[BlackElo "2340"]

1.e4 d6 2.d4 Nf6 3.Nc3 Nbd7 4.f4 c6 5.Nf3 Qc7 6.Bc4 e6 7.O-O Nxe4 8.Nxe4 d5
9.Bd3 dxe4 10.Bxe4 Nf6 11.Bd3 Bd6 12.Ne5 O-O 13.Re1 c5 14.dxc5 Bxc5+ 15.Kh1 b6
16.Be3 Bb7 17.Qd2 Rfd8 18.Qf2 Rac8 19.Bxc5 Qxc5 20.Qxc5 Rxc5 21.Kg1 Nd5 22.Rad1 Nxf4
23.Bxh7+ Kxh7 24.Rxd8 Nxg2 25.Re2 Nf4 26.Re3 Rxc2 27.Nxf7 Rg2+ 28.Kf1 Ba6+
29.Ke1 Rxb2 30.Rh8+ Kg6 31.Ne5+ Kg5 32.h4+ Kf6 33.Rf8+ Ke7 34.Rxf4 Rxa2 35.Rf7+ Kd6
36.Rxa7 Ra1+ 37.Kd2 Ra2+ 38.Kc1 Ra4 39.Rd7+ Kc5 40.Nd3+ Kc4 41.Nb2+  1-0

[Event "Tch-AUT 2000-01"]
[Site "Fuerstenfeld AUT"]
[Date "2001.03.16"]
[Round "9"]
[White "Penz,H"]
[Black "Schwarz,M"]
[Result "0-1"]
[WhiteElo "2392"]
[BlackElo "2367"]

1.e4 d6 2.d4 Nf6 3.Nc3 c6 4.Nf3 Bg4 5.Be2 e6 6.O-O Be7 7.Be3 d5 8.Nd2 Bxe2
9.Qxe2 dxe4 10.Ncxe4 Nbd7 11.Rfd1 O-O 12.Bf4 Qb6 13.Bd6 Bxd6 14.Nxd6 Rad8
15.c3 Qxb2 16.Qd3 b5 17.a3 Nd5 18.Rdc1 N7b6 19.Nb7 Nf4 20.Qe4 Qxd2 21.Rc2 Qd3
22.Qxd3 Nxd3 23.Nxd8 Rxd8 24.g3 c5 25.Rd2 c4 26.Rb1 a6 27.Kg2 e5 28.Re2 exd4
29.cxd4 Kf8 30.Re4 c3  0-1

[Event "Tch-AUT 2000-01"]
[Site "Fuerstenfeld AUT"]
[Date "2001.03.16"]
[Round "9"]
[White "Steflitsch,E"]
[Black "Hangweyrer,M"]
[Result "1/2-1/2"]
[WhiteElo "2365"]
[BlackElo "2341"]

1.e4 d6 2.d4 Nf6 3.Nc3 c6 4.Nf3 Bg4 5.Be2 e6 6.O-O Be7 7.Nd2 Bxe2 8.Qxe2 d5
9.e5 Nfd7 10.f4 c5 11.dxc5 Nc6 12.Nf3 Nxc5 13.Kh1 O-O 14.Rd1 Nd7 15.Nb5 Rc8  1/2-1/2

[Event "Czech Extra League 2000-1"]
[Site "CZE"]
[Date "2001.03.17"]
[Round "8"]
[White "Ioseliani,N"]
[Black "Mikhaletz,L"]
[Result "1-0"]
[WhiteElo "2499"]
[BlackElo "2499"]

1.d4 d6 2.e4 Nf6 3.Nc3 c6 4.Nf3 Bg4 5.Be2 e6 6.O-O Be7 7.h3 Bxf3 8.Bxf3 d5
9.g3 O-O 10.Bg2 b5 11.a3 a5 12.f4 Nxe4 13.Nxe4 dxe4 14.Bxe4 Ra6 15.Be3 Nd7
16.Qf3 Qc7 17.Bd3 Nf6 18.Bf2 g6 19.a4 Raa8 20.c3 Rab8 21.axb5 cxb5 22.Qe2 b4
23.c4 Bd6 24.Rfe1 Qd8 25.Be3 Bc7 26.Qf2 Qd7 27.b3 Rfd8 28.Bc2 Bb6 29.Red1 Qb7
30.Qg2 Qa7 31.Qf2 Rd7 32.f5 exf5 33.g4 Re8 34.c5 Bc7 35.gxf5 Nd5 36.Bh6 Qb8
37.Rf1 Bg3 38.Qf3 Qc7 39.fxg6 hxg6 40.Be4 Rxe4 41.Qxe4 Nc3 42.Qe8+ Kh7 43.Bg5 f5
44.Bf6 Rg7 45.Bxg7 Kxg7 46.Qe3 Ne4 47.Rf3 Bh4 48.Qd3 Bf6 49.Rc1 Ng5 50.Rc4 Kf7
51.Kg2 Ne6 52.d5 Ng5 53.Rff4 Kg7 54.h4 Nf7 55.d6 Qc6+ 56.Qf3 Qb5 57.Qd5 Ne5
58.Rc2 a4 59.bxa4 Qxa4 60.Re2 Nc6 61.h5 Nd8 62.hxg6 Qb5 63.Re3 Qc6 64.Qxc6 Nxc6
65.Rxf5 Kxg6 66.Rf4 Bg5 67.Rg4 Kf5 68.Rxg5+ Kxg5 69.d7  1-0

[Event "Czech Extra League 2000-1"]
[Site "CZE"]
[Date "2001.03.17"]
[Round "8"]
[White "Vavra,P1"]
[Black "Pribyl,J"]
[Result "0-1"]
[WhiteElo "2463"]
[BlackElo "2371"]

1.e4 Nf6 2.Nc3 d6 3.d4 e5 4.f3 exd4 5.Qxd4 Nc6 6.Bb5 Bd7 7.Bxc6 Bxc6 8.Bg5 Be7
9.O-O-O O-O 10.g4 b5 11.Nge2 Nxe4 12.Bxe7 Nxc3 13.Qxc3 Qxe7 14.Nd4 Bb7 15.h4 Qd7
16.h5 b4 17.Qc4 a5 18.Rhe1 Rae8 19.Rf1 Re5 20.h6 g6 21.Nb3 a4 22.Nc5 Qc6  0-1

[Event "Czech Extra League 2000-1"]
[Site "CZE"]
[Date "2001.03.18"]
[Round "9"]
[White "Prandstetter,E"]
[Black "Neumann,P"]
[Result "0-1"]
[WhiteElo "2410"]
[BlackElo "2362"]

1.e4 d6 2.d4 Nf6 3.Nc3 e5 4.Nge2 c6 5.g3 b5 6.dxe5 dxe5 7.Qxd8+ Kxd8 8.Bg2 a6
9.a4 Bb7 10.b3 Nbd7 11.Bb2 Kc7 12.Nb1 Bb4+ 13.Nd2 Rhe8 14.Nc1 Rad8 15.Nd3 Bd6
16.Bc3 Kb8 17.axb5 cxb5 18.Ke2 Nc5 19.Ba5 Rc8 20.Bb4 Rc6 21.Bxc5 Bxc5 22.Nxc5 Rxc5
23.c4 bxc4 24.bxc4 Rc7 25.Rhb1 Ka7 26.Ra5 Nd7 27.Ke3 f6 28.Bf1 Re6 29.Rb3 Rd6
30.Rba3 Nc5 31.Be2 Rb6 32.f3 Bc8 33.Ra2 Be6 34.Kf2 Rcc6 35.R5a3 Rb4 36.Ra5 Kb6
37.R5a3 Rd6 38.Ke3 Rd4 39.Kf2 Rd6 40.Rc2 Rd4 41.Rac3 a5 42.Nf1 a4 43.Ne3 Rb3
44.Nd5+ Ka5 45.Rc1 Rxc3 46.Nxc3 Nb3 47.Rc2 Bxc4 48.Na2 Bxe2 49.Kxe2 Rd7 50.Ke3 Nd4
51.Rc4 Nb5 52.f4 Rc7 53.Rxc7 Nxc7 54.fxe5 fxe5 55.Kd3 Kb5 56.Nc3+ Kb4 57.Nxa4 Kxa4
58.Kc4 Ka3 59.Kc5 Kb3 60.Kd6 Kc4 61.Kxe5 Kd3 62.Kf4 Kd4 63.h4 Ne8 64.g4 Nf6
65.e5 Nd7 66.e6 Nf6 67.e7 Kd5 68.h5 Ne8 69.h6 g6  0-1

[Event "Tch-AUT 2000-01"]
[Site "Fuerstenfeld AUT"]
[Date "2001.03.18"]
[Round "11"]
[White "Opl,K"]
[Black "Hangweyrer,M"]
[Result "1/2-1/2"]
[WhiteElo "2310"]
[BlackElo "2341"]

1.e4 d6 2.d4 Nf6 3.Nc3 c6 4.Be3 e5 5.dxe5 dxe5 6.Qxd8+ Kxd8 7.Bc4 Bb4 8.Ne2 Ke7
9.a3 Bd6 10.f3 Be6  1/2-1/2